000 00296nam a22001337a 4500
008 170822b xxu||||| |||| 00| 0 eng d
020 _a9780618221769
041 _aeng
080 _23RD
_a51
100 _a38
101 _aMAT
245 _aELEMENTARY GEOMETRY
_cALEXANDER,D.C
942 _2udc
_cBK
999 _c24509
_d24509